000 04976nab a2200373 i 4500
003 BR-BrBNA
005 20240131145000.0
008 240131b2018 bl.qr|pooa||| 00| 0 por |
040 _aBR-BrBNA
_bpor
072 _aK10
072 _aP10
100 _aLima, Carla Luciane
100 _aSilva, Ana Carolina da
100 _aHiguchi, Pedro
100 _aCruz, Aline Pereira
100 _aKilca, Ricardo de Vargas
100 _aNunes, Amanda da Silva
100 _aSilva, Mariele Alves Ferrer da
100 _aDallabrida, Juliana Pizutti
100 _aSoboleski, Vanessa Fátima
100 _aGross, Aline
245 _aImpacto do enchimento do reservatório de uma UHE sobre a dinâmica de um fragmento de floresta ombrófila mista em Santa Catarina
500 _aPublicação on-line; Bibliography p. 1073-1075 (53 ref.) ref.; 4 tables; 2 illus.; Summaries (En, Pt)
520 _a RESUMO O presente estudo teve como objetivo investigar o impacto do enchimento do reservatório de uma usina hidrelétrica sobre as taxas de dinâmica do componente arbóreo em uma floresta adjacente. Para isso, foram alocadas 48 parcelas em três setores do fragmento: adjacente às margens do reservatório, meio da encosta e topo da encosta. Um ano após o enchimento do reservatório, todos os indivíduos arbóreos com circunferência a altura do peito (CAP) ≥ 15,7 cm foram avaliados (identificados e mensurados), e dois anos após o enchimento foi realizado o estudo de dinâmica, com as árvores sobreviventes remedidas, as mortas quantificadas e as recrutas incorporadas. Foi realizado o levantamento das variáveis ambientais edáficas, topográficas, de abertura do dossel e de impacto ambiental. Foram calculadas as taxas de dinâmica. Para ordenação das variáveis ambientais foi aplicada uma Análise de Componentes Principais (PCA) e a influência de gradientes ambientais sobre as taxas demográficas da comunidade foi verificada por meio de regressão logística. A dinâmica apresentou estabilidade no número de indivíduos, porém, com maior ganho (3,64%.ano-1) que perda (1,62%.ano-1) em área basal. Entre os setores houve distinções, sendo o setor 1 caracterizado pela maior taxa de perda em área basal (2,51%.ano-1). Houve pouca relação das taxas demográficas com as variáveis ambientais analisadas, indicando que a maior influência encontrada sobre o crescimento das árvores está associada a variáveis não mensuradas. O presente estudo indica que, dois anos após o enchimento do reservatório, foi possível perceber os primeiros efeitos da influência do lago da hidrelétrica na comunidade arbórea. Palavras-chave: dinâmica florestal; comunidade de espécies arbóreas; impacto ambiental
520 _a ABSTRACT We aimed to investigate the impact of the water reservoir of a hydroelectric power station on the tree component dynamics in an adjacent forest. For this, we allocated 48 plots in three sectors: bottom, adjacent to water reservoir, middle slope and upper slope. One year after the water filling, we measured (circumference at breast height – cbh and identified all trees with cbh) ≥ 15,7 cm, followed by the dynamics study in the next year, with the re-measurement of survival trees and quantification of mortality and recruitment. We evaluated environmental variables (edaphics, topographics and environmental impacts). We determined the dynamics rates and applied a Principal Component Analysis (PCA) to the ordination of environmental variables and analyzed the influence of environmental gradients on community demographics rates through logistic regression. The dynamics presented number of individuals stability, but a greater basal area gain (3.64%.year-1) than loss (1.62%.year-1). There were differences among sectors, with a greater loss in bottom sector (2.51%.year-1) than others. There was a weak relation between analyzed environmental variables, suggesting that trees growth is mostly related to non-measured variables. The present study indicates that, two years after the water filling, it is possible to detect the short-term impacts of the reservoir of hydroelectric power station on tree community. Keywords: forest dynamics; tree species community; environmental impact.
650 _aFLORESTA
650 _aESSÊNCIA FLORESTAL
650 _aIMPACTO AMBIENTAL
650 _aHIDRELÉTRICA
773 0 _04065
_9198128
_dSanta Maria-RS Universidade Federal de Santa Maria - Centro de Pesquisas Florestais.Departamento de Ciências Florestais. Programa de Pós-Graduação em Engenharia Florestal 1991
_o2023-437009
_tCiência Florestal (Brazil)
_x0103-9954; 1980-5098 (on-line)
_gv. 28(3) p. 1060-1075; (Jul-Sep 2018)
_wBR2023001512
856 _uhttps://periodicos.ufsm.br/cienciaflorestal/article/view/33393/pdf
942 _cAnalítica
999 _c298400
_d298400